01373nam a2200313Ia 4500001001200000003000800012006001900020007001500039008004100054010001700095020003900112020003800151040002100189035002100210050002500231245018200256260004900438300001600487490002200503504005100525533015200576651005000728651005500778655002900833700002000862700003400882710001700916856012600933ebr10632673CaPaEBRm u cr cn|||||||||120625s2013 nyu sb 001 0 eng d z 2012023505 z9780823245680 (cloth : alk. paper) z9780823245697 (pbk. : alk. paper) aCaPaEBRcCaPaEBR a(OCoLC)84771345614aE468.9b.T457 2013eb00aThis distracted and anarchical peopleh[electronic resource] :bnew answers for old questions about the Civil War-era North /cedited by Andrew L. Slap and Michael Thomas Smith. aNew York :bFordham University Press,c2013. axvi, 274 p.0 aNorth's Civil War aIncludes bibliographical references and index. aElectronic reproduction.bPalo Alto, Calif. :cebrary,d2013.nAvailable via World Wide Web.nAccess may be limited to ebrary affiliated libraries. 0aUnited StatesxHistoryyCivil War, 1861-1865. 0aUnited StatesxPolitics and governmenty1861-1865. 7aElectronic books.2local1 aSlap, Andrew L.1 aSmith, Michael Thomas,d1970-2 aebrary, Inc.40uhttp://site.ebrary.com/lib/rucke/Doc?id=10632673zAn electronic book accessible through the World Wide Web; click to view